Statistiques concernant Top 15 des pays avec les décès de Covid-19 - 17 mar 2021

Cliquez ici pour prendre le quiz!

Statistiques générales

  • Ce quiz a été pris 14 fois
  • Le résultat moyen est 14 sur 24

Statistiques - réponses

pays% Correct
Etats-Unis
100%
France
100%
Royaume-Uni
100%
Brésil
92%
Espagne
92%
Russie
92%
Inde
85%
Italie
85%
Mexique
77%
Allemagne
69%
Portugal
69%
Argentine
54%
Belgique
54%
Afrique du Sud
46%
Colombie
46%
Iran
46%
Pérou
31%
Bulgarie
23%
Slovénie
23%
Tchèquie
23%
Bosnie-Herzégovine
15%
Hongrie
15%
Slovaquie
15%
Macédoine du Nord
8%

Distribution des résultats

Percentile par nombre de réponses

% des personnes avec chaque résultat

Votre développement - résultats

Vous n’avez pas pris ce quiz